An account of the last battle of Panipat and of the events leading to it / (Record no. 22733)

MARC details
000 -LEADER
fixed length control field 01798cam a22003977a 4500
001 - CONTROL NUMBER
control field 2612288
003 - CONTROL NUMBER IDENTIFIER
control field BDDh-ASL
005 - DATE AND TIME OF LATEST TRANSACTION
control field 20231015030144.0
007 - PHYSICAL DESCRIPTION FIXED FIELD--GENERAL INFORMATION
fixed length control field hduafb---bacp
007 - PHYSICAL DESCRIPTION FIXED FIELD--GENERAL INFORMATION
fixed length control field hdubfb---baap
008 - FIXED-LENGTH DATA ELEMENTS--GENERAL INFORMATION
fixed length control field 980205s1926 enkab ab 000 0 eng
010 ## - LIBRARY OF CONGRESS CONTROL NUMBER
LC control number 97909381
025 ## - OVERSEAS ACQUISITION NUMBER
Overseas acquisition number NBIL-10375
040 ## - CATALOGING SOURCE
Original cataloging agency DLC
Transcribing agency DLC
Modifying agency DLC
-- BDDh-ASL
041 1# - LANGUAGE CODE
Language code of text/sound track or separate title eng
Language code of original per
042 ## - AUTHENTICATION CODE
Authentication code lcode
043 ## - GEOGRAPHIC AREA CODE
Geographic area code a-ii---
050 00 - LIBRARY OF CONGRESS CALL NUMBER
Classification number Microfilm BUL-ENG-475 (D)
082 ## - DEWEY DECIMAL CLASSIFICATION NUMBER
Classification number 954
Item number KAA
100 0# - MAIN ENTRY--PERSONAL NAME
Personal name Kashiraj,
Dates associated with a name active 1761-1780.
240 10 - UNIFORM TITLE
Uniform title Aḥvāl-i jang-i Bhāw va Aḥmad Shāh Durrānī.
Language of a work English
245 13 - TITLE STATEMENT
Title An account of the last battle of Panipat and of the events leading to it /
246 30 - VARYING FORM OF TITLE
Title proper/short title Battle of Panipat
260 ## - PUBLICATION, DISTRIBUTION, ETC.
Place of publication, distribution, etc. London ;
-- New York :
Name of publisher, distributor, etc. Oxford University Press,
Date of publication, distribution, etc. 1926.
300 ## - PHYSICAL DESCRIPTION
Extent xiii, 65 p. :
Other physical details ill., maps ;
Dimensions 22 cm.
500 ## - GENERAL NOTE
General note "Written in Persian by Casi Raja Pundit, who was present at the battle; translated into English by Lieut.-Col. James Brown, of Dinapore, 1st February, 1791; and now edited with an introduction, notes and appendices, by H.G. Rawlinson, of the Indian educational service."
504 ## - BIBLIOGRAPHY, ETC. NOTE
Bibliography, etc. note Includes bibliographical references.
533 ## - REPRODUCTION NOTE
Type of reproduction Microfilm.
Place of reproduction New Delhi :
Agency responsible for reproduction Library of Congress Office ;
Place of reproduction Chicago :
Agency responsible for reproduction Available from Center for Research Libraries,
Date of reproduction 1997.
Physical description of reproduction On 1 microfilm reel with other items ; 35 mm.
Series statement of reproduction (SAMP early 20th-century Indian books project ; item 10375)
Note about reproduction Master microform held by: ICRL.
650 #0 - SUBJECT ADDED ENTRY--TOPICAL TERM
Topical term or geographic name entry element Panipat, Battle of, Pānīpat, India, 1761.
700 1# - ADDED ENTRY--PERSONAL NAME
Personal name Brown, James,
Dates associated with a name active 1794.
700 1# - ADDED ENTRY--PERSONAL NAME
Personal name Rawlinson, H. G.
Fuller form of name (Hugh George),
Dates associated with a name 1880-
830 #0 - SERIES ADDED ENTRY--UNIFORM TITLE
Uniform title SAMP early 20th-century Indian books project ;
Volume/sequential designation item 10375.
906 ## - LOCAL DATA ELEMENT F, LDF (RLIN)
a 7
b cbc
c origode
d 5
e ncip
f 19
g y-genmicro
942 ## - ADDED ENTRY ELEMENTS (KOHA)
Source of classification or shelving scheme Dewey Decimal Classification
Koha item type Books
Holdings
Withdrawn status Lost status Source of classification or shelving scheme Damaged status Not for loan Collection code Home library Current library Shelving location Date acquired Source of acquisition Total Checkouts Full call number Barcode Date last seen Copy number Price effective from Koha item type Public note
    Dewey Decimal Classification   Not For Loan Non-fiction Asiatic Society Library Asiatic Society Library General Stacks 03/04/2021 ASB Library Collections   954 KAA 107031 03/04/2021 C-1 03/04/2021 Books RARE
    Dewey Decimal Classification     Non-fiction Asiatic Society Library Asiatic Society Library General Stacks 05/05/2026 ASB Library Collection   954 KAA 126045 05/05/2026 C-2 05/05/2026 Books Y-1926
    Dewey Decimal Classification     Non-fiction Asiatic Society Library Asiatic Society Library General Stacks 05/05/2026 ASB Library Collection   954 KAA 126046 05/05/2026 C-3 05/05/2026 Books Y-1926

Powered by Koha